| 000 | 01079cam a2200325 4500 | ||
|---|---|---|---|
| 001 | 4606264 | ||
| 003 | OSt | ||
| 005 | 20110722120155.0 | ||
| 008 | 700526s1969 enk 001 0 eng | ||
| 010 | _a 76464272 | ||
| 015 | _aB70-01182 | ||
| 020 | _a0420427805 | ||
| 040 |
_aDLC _cDLC _dDLC |
||
| 050 | 0 | 0 |
_aKD674 _b.H3 1969 |
| 082 | 0 | 0 | _a347.80942 |
| 100 | 1 |
_aMaudsley, Ronald Harling. _9282 |
|
| 245 | 1 | 0 |
_aModern equity / _cHarold Greville Hanbury . _ |
| 250 |
_a9th ed. _ _bRonald Harling Maudsley. |
||
| 260 |
_aLondon: _bStevens & sons, _c1969. |
||
| 300 |
_axcvi, 738 p. : _c26 cm. |
||
| 350 | _a6/- | ||
| 500 | _a1st-8th eds. by Harold Greville Hanbury. | ||
| 504 | _aIndex: p. : 711-738 | ||
| 650 | 0 |
_aEquity _zGreat Britain. _9283 |
|
| 700 | 1 |
_aHanbury, Harold Greville, _d1898- _tModern equity. _9284 |
|
| 906 |
_a7 _bcbc _corignew _du _encip _f19 _gy-gencatlg |
||
| 942 |
_2ddc _cBK |
||
| 999 |
_c106 _d106 |
||